000
00283nam a22001337a 4500
003
SGT
020
_a
9788123928814
082
_a
615
_b
SIN
100
_a
SINGH GAJENDRA
245
_a
DRUG REGULATORY AFFAIRS
260
_a
INDIA
_b
CBS PUB
_c
2025
300
_a
178
942
_2
ddc
_c
BK
999
_c
34479
_d
34479